[Event "Schools-U15-17Open"]
[Site "Tehran2016"]
[Date "2016.07.10"]
[Round "2.3"]
[White "Kashefi, Amir Hosein"]
[Black "Rastbod, Ali"]
[Result "0-1"]
[BlackElo "2133"]
[WhiteElo "1962"]
[LiveChessVersion "1.4.8"]

1. d4 Nf6 2. Nf3 d5 3. e3 g6 4. c4 Bg7 5. cxd5 Nxd5 6. Be2 O-O 7. O-O b6 8. e4
Nf6 9. Nc3 Bb7 10. Qc2 Nbd7 11. h3 Rc8 12. Be3 e6 13. Rac1 c5 14. Rfd1 cxd4 15.
Bxd4 Nxe4 16. Bxg7 Kxg7 17. Bb5 Nxc3 18. Bxd7 Bxf3 19. Bxc8 Nxd1 20. gxf3 Qg5+
21. Kf1 Qb5+ 22. Qe2 Qxe2+ 23. Kxe2 Nxb2 24. Rc7 Na4 25. Ba6 Ra8 26. Bb5 Nc5 27.
Bc6 Rd8 28. Rxa7 Rc8 29. Bb5 Kf6 30. a4 h5 31. Ke3 Nb3 32. Rb7 Rc3+ 33. Ke2 Nd4+
34. Kf1 Nxb5 35. axb5 Rxf3 36. Kg2 Rb3 37. Rxb6 Kf5 38. Rb8 f6 39. b6 e5 40. b7
e4 41. Kh2 Rb2 42. Kg1 Rb1+ 43. Kg2 g5 44. Kh2 h4 45. Kg2 Rb2 46. Kg1 Rb5 47. Kg2
Rb3 48. Kg1 Rb2 49. Kf1 Rb1+ 50. Ke2 Rb2+ 51. Ke3 Rb3+ 52. Kd4 Rb1 53. Kd5 Rb2
54. Kc6 Rxf2 55. Rd8 Rc2+ 56. Kb6 Rb2+ 57. Kc6 Rc2+ 58. Kb6 Rb2+ 59. Kc6 Rc2+ 60.
Kb6 Rb2+ 61. Kc6 Rxb7 62. Kxb7 Kf4 63. Kc6 e3 64. Re8 Kf3 65. Rf8 e2 66. Rxf6+
Kg3 67. Re6 Kf2 68. Rf6+ Kg2 69. Re6 Kxh3 70. Rxe2 g4 71. Kd5 g3 72. Ke4 g2 73.
Re1 Kg3 74. Re3+ Kg4 75. Re1 h3 76. Ke3 Kg3 0-1

[Event "Schools-U15-17Open"]
[Site "Tehran2016"]
[Date "2016.07.10"]
[Round "2.4"]
[White "Sheykhali, Mohammadreza"]
[Black "Jacutina, John Merill"]
[Result "1-0"]
[BlackElo "1959"]
[WhiteElo "2092"]
[LiveChessVersion "1.4.8"]

1. e4 {[%clk 0:15:14]} Nf6 {[%clk 0:15:19]} 2. Nc3 {[%clk 0:15:22]} d5
{[%clk 0:15:28]} 3. exd5 {[%clk 0:15:23]} Nxd5 {[%clk 0:15:35]} 4. Bc4
{[%clk 0:15:31]} Nb6 {[%clk 0:15:40]} 5. Bb3 {[%clk 0:15:37]} Nc6
{[%clk 0:15:31]} 6. Nge2 {[%clk 0:15:35]} e5 {[%clk 0:15:38]} 7. d3
{[%clk 0:15:41]} a5 {[%clk 0:15:29]} 8. a3 {[%clk 0:15:45]} a4 {[%clk 0:15:31]}
9. Ba2 {[%clk 0:15:54]} Bd6 {[%clk 0:15:36]} 10. O-O {[%clk 0:16:02]} O-O
{[%clk 0:15:44]} 11. Be3 {[%clk 0:15:54]} Kh8 {[%clk 0:15:45]} 12. f4
{[%clk 0:15:38]} f5 {[%clk 0:15:11]} 13. Qd2 {[%clk 0:15:11]} Nd7
{[%clk 0:15:05]} 14. Rae1 {[%clk 0:15:10]} Nf6 {[%clk 0:15:11]} 15. h3
{[%clk 0:15:18]} Re8 {[%clk 0:15:07]} 16. Ng3 {[%clk 0:14:29]} g6
{[%clk 0:15:07]} 17. Kh1 {[%clk 0:13:51]} Bd7 {[%clk 0:14:53]} 18. Nge2
{[%clk 0:13:14]} Nh5 {[%clk 0:12:54]} 19. Nd5 {[%clk 0:12:34]} Be6
{[%clk 0:12:10]} 20. c4 {[%clk 0:12:04]} Bxd5 {[%clk 0:11:02]} 21. cxd5
{[%clk 0:12:12]} Nd4 {[%clk 0:11:06]} 22. Bf2 {[%clk 0:06:49]} Nxe2
{[%clk 0:11:09]} 23. Rxe2 {[%clk 0:06:58]} exf4 {[%clk 0:09:58]} 24. Re6
{[%clk 0:06:47]} Qg5 {[%clk 0:09:16]} 25. Bd4+ {[%clk 0:06:29]} Kg8
{[%clk 0:09:24]} 26. Rfe1 {[%clk 0:06:33]} Rf8 {[%clk 0:09:11]} 27. Bc4
{[%clk 0:04:27]} Qh4 {[%clk 0:08:29]} 28. Qf2 {[%clk 0:03:43]} Ng3+
{[%clk 0:08:12]} 29. Kg1 {[%clk 0:03:52]} f3 {[%clk 0:08:16]} 30. Be5
{[%clk 0:03:23]} fxg2 {[%clk 0:06:27]} 31. Rxd6 {[%clk 0:03:28]} cxd6
{[%clk 0:04:47]} 32. Bxg3 {[%clk 0:03:30]} Qxh3 {[%clk 0:04:56]} 33. Qxg2
{[%clk 0:03:02]} Qxg2+ {[%clk 0:05:03]} 34. Kxg2 {[%clk 0:03:11]} f4
{[%clk 0:05:13]} 35. Bf2 {[%clk 0:03:20]} b5 {[%clk 0:05:21]} 36. Bxb5
{[%clk 0:03:26]} Rab8 {[%clk 0:05:30]} 37. Bd7 {[%clk 0:03:00]} Rxb2
{[%clk 0:05:12]} 38. Re7 {[%clk 0:02:39]} Rd2 {[%clk 0:05:11]} 39. Be6+
{[%clk 0:02:21]} Kh8 {[%clk 0:05:20]} 40. Kf3 {[%clk 0:02:30]} Rxd3+
{[%clk 0:05:19]} 41. Ke2 {[%clk 0:02:39]} Re3+ {[%clk 0:05:09]} 42. Bxe3
{[%clk 0:02:47]} fxe3 {[%clk 0:05:18]} 43. Kxe3 {[%clk 0:02:56]} Rb8
{[%clk 0:05:27]} 44. Kf4 {[%clk 0:02:41]} h6 {[%clk 0:05:27]} 45. Bd7
{[%clk 0:02:40]} Rb3 {[%clk 0:05:07]} 46. Re3 {[%clk 0:02:43]} g5+
{[%clk 0:04:30]} 47. Ke4 {[%clk 0:02:48]} Kg7 {[%clk 0:04:23]} 48. Bxa4
{[%clk 0:02:31]} Rb2 {[%clk 0:04:26]} 49. Bd7 {[%clk 0:02:26]} h5
{[%clk 0:04:34]} 50. Kf5 {[%clk 0:02:02]} g4 {[%clk 0:04:36]} 51. Kg5
{[%clk 0:02:11]} Rd2 {[%clk 0:04:12]} 52. Be6 {[%clk 0:01:52]} Rh2
{[%clk 0:04:20]} 53. a4 {[%clk 0:01:28]} Ra2 {[%clk 0:04:24]} 54. Bd7
{[%clk 0:00:51]} Rd2 {[%clk 0:04:15]} 55. Bc6 {[%clk 0:00:45]} Rh2
{[%clk 0:04:22]} 56. Kf4 {[%clk 0:00:39]} Kf7 {[%clk 0:04:17]} 57. Ra3
{[%clk 0:00:45]} Kf6 {[%clk 0:04:17]} 58. a5 {[%clk 0:00:51]} Rb2
{[%clk 0:04:09]} 59. a6 {[%clk 0:00:55]} Rb4+ {[%clk 0:04:18]} 60. Kg3
{[%clk 0:01:04]} Kg5 {[%clk 0:04:18]} 61. a7 {[%clk 0:00:43]} h4+ 62. Kf2 g3+
{[%clk 0:04:29]} 63. Kf3 {[%clk 0:00:27]} Rf4+ {[%clk 0:04:32]} 64. Kg2
{[%clk 0:00:25]} Rf2+ {[%clk 0:04:36]} 65. Kg1 {[%clk 0:00:31]} 1-0

[Event "Schools-U15-17Open"]
[Site "Tehran2016"]
[Date "2016.07.10"]
[Round "2.5"]
[White "Pourghanbarzad Lashtnesha, Arm"]
[Black "Pangilinan, Stephen Rome"]
[Result "0-1"]
[BlackElo "1862"]
[WhiteElo "2138"]
[LiveChessVersion "1.4.8"]

1. e4 {[%clk 0:15:18]} c5 {[%clk 0:15:19]} 2. Nf3 {[%clk 0:15:24]} g6
{[%clk 0:15:28]} 3. d4 {[%clk 0:15:30]} cxd4 {[%clk 0:15:36]} 4. Nxd4
{[%clk 0:15:36]} Bg7 {[%clk 0:15:45]} 5. Nc3 {[%clk 0:15:36]} Nc6
{[%clk 0:15:53]} 6. Be3 {[%clk 0:15:41]} Nf6 {[%clk 0:16:01]} 7. Bc4
{[%clk 0:15:39]} O-O {[%clk 0:16:09]} 8. Bb3 {[%clk 0:15:42]} d6 {[%clk 0:15:58]}
9. h3 {[%clk 0:15:47]} Bd7 {[%clk 0:15:55]} 10. O-O {[%clk 0:15:50]} Rc8
{[%clk 0:15:55]} 11. Re1 {[%clk 0:15:43]} Ne5 {[%clk 0:15:59]} 12. Qe2
{[%clk 0:15:02]} a6 {[%clk 0:14:36]} 13. f4 {[%clk 0:14:04]} Nc6 {[%clk 0:14:44]}
14. Rad1 {[%clk 0:14:08]} Qc7 {[%clk 0:14:28]} 15. Bf2 {[%clk 0:12:12]} Nxd4
{[%clk 0:13:41]} 16. Bxd4 {[%clk 0:12:09]} e5 {[%clk 0:12:32]} 17. fxe5
{[%clk 0:11:36]} dxe5 {[%clk 0:12:37]} 18. Bf2 {[%clk 0:11:43]} Nh5
{[%clk 0:06:30]} 19. Nd5 {[%clk 0:11:10]} Nf4 {[%clk 0:06:30]} 20. Nxc7
{[%clk 0:09:51]} Nxe2+ {[%clk 0:06:38]} 21. Rxe2 {[%clk 0:10:00]} Rxc7
{[%clk 0:06:47]} 22. Bb6 {[%clk 0:10:01]} Rc6 {[%clk 0:06:55]} 23. Rxd7
{[%clk 0:09:21]} Rxb6 {[%clk 0:07:04]} 24. Rf2 {[%clk 0:09:30]} Bf6
{[%clk 0:06:19]} 25. Bd5 {[%clk 0:09:13]} Kg7 {[%clk 0:04:16]} 26. b3
{[%clk 0:09:15]} a5 {[%clk 0:03:38]} 27. a4 {[%clk 0:07:46]} Kh6 {[%clk 0:03:00]}
28. Bxb7 {[%clk 0:06:43]} Bh4 {[%clk 0:01:05]} 29. Rfxf7 {[%clk 0:06:41]} Rf6
{[%clk 0:01:04]} 30. Bd5 {[%clk 0:05:43]} Rf2 {[%clk 0:00:44]} 31. Rxf8
{[%clk 0:05:41]} Rxf8 {[%clk 0:00:52]} 32. Bf7 {[%clk 0:04:54]} Kg5
{[%clk 0:00:36]} 33. c3 {[%clk 0:02:42]} Kf4 {[%clk 0:00:22]} 34. Bd5
{[%clk 0:02:03]} Ke3 {[%clk 0:00:20]} 35. Rxh7 {[%clk 0:02:01]} Bf2+
{[%clk 0:00:23]} 36. Kh2 {[%clk 0:01:56]} Kd3 {[%clk 0:00:26]} 37. c4
{[%clk 0:01:45]} Rb8 {[%clk 0:00:26]} 38. Bb7 {[%clk 0:01:05]} Kc3
{[%clk 0:00:30]} 39. Rf7 {[%clk 0:01:14]} Be3 {[%clk 0:00:28]} 40. h4
{[%clk 0:00:58]} Kxb3 {[%clk 0:00:28]} 41. Bc6 {[%clk 0:00:58]} Kxc4
{[%clk 0:00:27]} 42. Kh3 {[%clk 0:00:49]} Kc5 {[%clk 0:00:29]} 43. Bd5
{[%clk 0:00:47]} Rb4 {[%clk 0:00:28]} 44. Rf6 {[%clk 0:00:50]} Rxa4
{[%clk 0:00:24]} 45. Rxg6 {[%clk 0:00:59]} Ra1 {[%clk 0:00:29]} 46. Kg4
{[%clk 0:00:50]} Rh1 {[%clk 0:00:27]} 47. g3 {[%clk 0:00:56]} a4 {[%clk 0:00:29]}
48. Ra6 {[%clk 0:01:05]} Kb4 {[%clk 0:00:33]} 49. h5 {[%clk 0:00:59]} a3
{[%clk 0:00:38]} 50. Bf7 {[%clk 0:01:06]} Bf2 {[%clk 0:00:33]} 51. Rg6
{[%clk 0:00:51]} Kc3 {[%clk 0:00:27]} 52. Rf6 {[%clk 0:01:00]} Be3
{[%clk 0:00:29]} 53. Ra6 {[%clk 0:01:01]} Kb2 {[%clk 0:00:30]} 54. Kf5
{[%clk 0:01:04]} Rf1+ {[%clk 0:00:20]} 55. Ke6 {[%clk 0:01:00]} a2
{[%clk 0:00:24]} 56. Bg6 {[%clk 0:00:58]} a1=Q {[%clk 0:00:22]} 57. Rxa1
{[%clk 0:01:07]} Rxa1 {[%clk 0:00:24]} 58. Kxe5 {[%clk 0:01:14]} Kc3
{[%clk 0:00:27]} 59. g4 {[%clk 0:01:23]} Ra6 {[%clk 0:00:32]} 60. Bf5
{[%clk 0:01:30]} Bg5 {[%clk 0:00:33]} 61. Kd5 {[%clk 0:01:37]} Bf4
{[%clk 0:00:28]} 62. Bg6 {[%clk 0:01:36]} Ra5+ {[%clk 0:00:31]} 63. Ke6
{[%clk 0:01:42]} Kd4 {[%clk 0:00:39]} 64. Bf5 {[%clk 0:01:49]} Ra6+
{[%clk 0:00:46]} 65. Kf7 {[%clk 0:01:57]} Ke5 {[%clk 0:00:55]} 66. Ke7
{[%clk 0:02:02]} Ra7+ {[%clk 0:01:03]} 67. Ke8 {[%clk 0:02:10]} Kf6
{[%clk 0:01:01]} 68. Kd8 {[%clk 0:02:17]} Re7 {[%clk 0:01:02]} 69. e5+
{[%clk 0:01:55]} Rxe5 {[%clk 0:01:05]} 70. Kd7 {[%clk 0:02:05]} Re7+
{[%clk 0:01:13]} 71. Kc6 {[%clk 0:02:14]} Ke5 {[%clk 0:01:21]} 72. Bc8
{[%clk 0:02:19]} Rf7 {[%clk 0:01:21]} 73. Bf5 {[%clk 0:02:26]} Kf6
{[%clk 0:01:18]} 74. Kd5 {[%clk 0:02:31]} Rc7 {[%clk 0:01:26]} 75. Be6
{[%clk 0:02:36]} Rc1 {[%clk 0:01:30]} 76. Bf5 {[%clk 0:02:44]} Rd1+
{[%clk 0:01:35]} 77. Ke4 {[%clk 0:02:53]} Bg5 {[%clk 0:01:39]} 78. Bc8
{[%clk 0:03:02]} Bh4 {[%clk 0:01:40]} 79. Bf5 {[%clk 0:03:10]} Kg5
{[%clk 0:01:33]} 80. Bc8 {[%clk 0:03:14]} Re1+ {[%clk 0:01:37]} 81. Kd5
{[%clk 0:03:20]} Bg3 {[%clk 0:01:38]} 82. Bf5 {[%clk 0:03:27]} Rd1+
{[%clk 0:01:34]} 83. Ke4 {[%clk 0:03:36]} Bf2 {[%clk 0:01:40]} 84. Bc8
{[%clk 0:03:37]} Rd8 {[%clk 0:01:22]} 85. Bf5 {[%clk 0:03:45]} Bb6
{[%clk 0:01:26]} 86. Ke5 {[%clk 0:03:49]} Bd4+ {[%clk 0:01:29]} 87. Ke4
{[%clk 0:03:56]} Bf6 {[%clk 0:01:37]} 88. Ke3 {[%clk 0:03:51]} Rd4
{[%clk 0:01:42]} 89. Bc8 {[%clk 0:04:00]} Rc4 {[%clk 0:01:48]} 90. Bf5
{[%clk 0:04:07]} Bg7 {[%clk 0:01:51]} 91. Be6 {[%clk 0:04:07]} Rb4
{[%clk 0:01:51]} 92. Bf5 {[%clk 0:04:15]} Kh4 {[%clk 0:01:55]} 93. Bd7
{[%clk 0:04:17]} Bh6+ {[%clk 0:01:52]} 94. Kd3 {[%clk 0:04:19]} Kg3
{[%clk 0:02:00]} 95. Bf5 {[%clk 0:04:26]} Kf4 {[%clk 0:02:03]} 96. Kc3
{[%clk 0:04:35]} Ra4 {[%clk 0:02:08]} 97. Kd3 {[%clk 0:04:40]} Ke5
{[%clk 0:02:01]} 98. Kc3 {[%clk 0:04:48]} Kd5 {[%clk 0:02:07]} 99. Kb3
{[%clk 0:04:45]} Rd4 {[%clk 0:02:08]} 100. Kc3 {[%clk 0:04:52]} Kc5
{[%clk 0:02:17]} 101. Kb3 {[%clk 0:04:57]} Rf4 {[%clk 0:02:15]} 102. Bc8
{[%clk 0:04:45]} Rf3+ {[%clk 0:02:22]} 103. Kc2 {[%clk 0:04:52]} Re3
{[%clk 0:02:22]} 104. Kb2 {[%clk 0:04:47]} Kc4 {[%clk 0:02:18]} 105. Ba6+
{[%clk 0:04:44]} Kb4 {[%clk 0:02:24]} 106. Kc2 {[%clk 0:04:50]} Re4 107. Bd3
{[%clk 0:04:55]} Rxg4 {[%clk 0:02:41]} 108. Bf5 {[%clk 0:05:03]} Rg3
{[%clk 0:02:48]} 109. Bg6 {[%clk 0:05:07]} Kc4 {[%clk 0:02:54]} 110. Bf7+
{[%clk 0:05:16]} Kd4 {[%clk 0:03:04]} 111. Kb2 {[%clk 0:05:48]} 0-1

[Event "Schools-U15-17Open"]
[Site "Tehran2016"]
[Date "2016.07.10"]
[Round "2.6"]
[White "Kazemiyan Eski, Abolfazl"]
[Black "Khadem Erfani, Sobhan"]
[Result "0-1"]
[BlackElo "1821"]
[WhiteElo "2101"]
[LiveChessVersion "1.4.8"]

1. e4 {[%clk 0:15:17]} c5 {[%clk 0:15:18]} 2. d4 {[%clk 0:15:26]} cxd4
{[%clk 0:15:24]} 3. c3 {[%clk 0:15:35]} d5 {[%clk 0:15:24]} 4. exd5
{[%clk 0:14:57]} Qxd5 {[%clk 0:15:27]} 5. cxd4 {[%clk 0:14:45]} Nc6
{[%clk 0:14:44]} 6. Be3 {[%clk 0:14:37]} e5 {[%clk 0:13:13]} 7. Nf3
{[%clk 0:12:26]} Bg4 {[%clk 0:12:21]} 8. Nc3 {[%clk 0:11:01]} Bb4
{[%clk 0:11:55]} 9. Be2 {[%clk 0:11:01]} exd4 {[%clk 0:09:13]} 10. O-O
{[%clk 0:08:24]} Bxc3 {[%clk 0:08:30]} 11. bxc3 {[%clk 0:08:25]} Nge7
{[%clk 0:07:41]} 12. cxd4 {[%clk 0:07:45]} O-O {[%clk 0:07:36]} 13. Rb1
{[%clk 0:07:47]} Qd7 {[%clk 0:06:08]} 14. Qb3 {[%clk 0:05:48]} b6
{[%clk 0:04:50]} 15. Rfd1 {[%clk 0:05:32]} Be6 {[%clk 0:04:17]} 16. Qb2
{[%clk 0:05:03]} Bd5 {[%clk 0:03:52]} 17. Ne5 {[%clk 0:04:41]} Qb7
{[%clk 0:03:20]} 18. Bf1 {[%clk 0:04:36]} Rfd8 {[%clk 0:02:53]} 19. Rbc1
{[%clk 0:04:23]} Rac8 {[%clk 0:01:42]} 20. Qa3 {[%clk 0:04:05]} a5
{[%clk 0:01:43]} 21. Qb2 {[%clk 0:03:41]} Ng6 {[%clk 0:00:56]} 22. Nd3
{[%clk 0:03:41]} Nce7 {[%clk 0:00:47]} 23. Rb1 {[%clk 0:03:36]} Rb8
{[%clk 0:00:56]} 24. Nf4 {[%clk 0:02:39]} Be4 {[%clk 0:00:56]} 25. Rbc1
{[%clk 0:02:36]} Nf5 {[%clk 0:00:50]} 26. Nxg6 {[%clk 0:02:05]} hxg6
{[%clk 0:00:52]} 27. Bf4 {[%clk 0:02:10]} Rbc8 {[%clk 0:00:57]} 28. f3
{[%clk 0:01:59]} Bd5 {[%clk 0:00:52]} 29. Rb1 {[%clk 0:02:01]} Be6
{[%clk 0:00:32]} 30. Be5 {[%clk 0:01:10]} f6 {[%clk 0:00:35]} 31. Bf4
{[%clk 0:01:18]} g5 {[%clk 0:00:29]} 32. Bc1 {[%clk 0:01:15]} Bf7
{[%clk 0:00:18]} 33. Qf2 {[%clk 0:00:52]} Bd5 {[%clk 0:00:19]} 34. Bd3
{[%clk 0:00:53]} Nd6 {[%clk 0:00:28]} 35. Bd2 {[%clk 0:00:39]} Qa7
{[%clk 0:00:20]} 36. Be1 {[%clk 0:00:47]} Bc4 {[%clk 0:00:27]} 37. Bg6
{[%clk 0:00:51]} Bf7 {[%clk 0:00:29]} 38. Bxf7+ {[%clk 0:00:55]} Nxf7
{[%clk 0:00:34]} 39. d5 {[%clk 0:01:00]} Rd6 {[%clk 0:00:38]} 40. Rb5
{[%clk 0:01:01]} Rcd8 {[%clk 0:00:34]} 41. Bxa5 {[%clk 0:01:04]} Qa6
{[%clk 0:00:31]} 42. Bxb6 {[%clk 0:00:38]} Qxb5 {[%clk 0:00:29]} 43. Bxd8
{[%clk 0:00:46]} Rxd8 {[%clk 0:00:38]} 44. Qd2 {[%clk 0:00:52]} Qc5+
{[%clk 0:00:43]} 45. Kh1 {[%clk 0:01:00]} Ne5 {[%clk 0:00:48]} 46. d6
{[%clk 0:00:43]} Kh8 {[%clk 0:00:20]} 47. h4 {[%clk 0:00:41]} gxh4
{[%clk 0:00:20]} 48. f4 {[%clk 0:00:39]} Ng4 {[%clk 0:00:21]} 49. Qd4
{[%clk 0:00:44]} Qxd4 {[%clk 0:00:20]} 50. Rxd4 {[%clk 0:00:53]} Kg8
{[%clk 0:00:29]} 51. a4 {[%clk 0:00:59]} Kf7 {[%clk 0:00:37]} 52. a5
{[%clk 0:01:08]} Ra8 {[%clk 0:00:25]} 53. a6 {[%clk 0:00:59]} Rxa6
{[%clk 0:00:26]} 54. g3 {[%clk 0:01:02]} h3 {[%clk 0:00:31]} 55. Rd1
{[%clk 0:01:03]} Nf2+ {[%clk 0:00:39]} 0-1

[Event "Schools-U15-17Open"]
[Site "Tehran2016"]
[Date "2016.07.10"]
[Round "2.7"]
[White "Myradow, Soltan"]
[Black "Ghaffarifar, Matin"]
[Result "1-0"]
[BlackElo "1974"]
[WhiteElo "1854"]
[LiveChessVersion "1.4.8"]

1. d4 Nf6 2. c4 e6 3. Nf3 Bb4+ 4. Bd2 Qe7 5. g3 Nc6 6. Bg2 Bxd2+ 7. Nbxd2 d6 8.
O-O a5 9. e4 O-O 10. e5 dxe5 11. dxe5 Nd7 12. Re1 Nc5 13. Ne4 {[%clk 0:13:01]}
Rd8 {[%clk 0:15:06]} 14. Qe2 {[%clk 0:12:17]} Nd3 {[%clk 0:14:28]} 15. Red1
{[%clk 0:10:52]} Ndxe5 {[%clk 0:14:29]} 16. Nxe5 {[%clk 0:10:01]} Nxe5
{[%clk 0:14:38]} 17. Rxd8+ {[%clk 0:09:49]} Qxd8 {[%clk 0:14:46]} 18. Rd1
{[%clk 0:09:58]} Qe7 {[%clk 0:12:50]} 19. Nc5 {[%clk 0:08:55]} Nc6
{[%clk 0:11:14]} 20. Bxc6 {[%clk 0:08:28]} bxc6 {[%clk 0:11:23]} 21. Qe4
{[%clk 0:08:35]} Rb8 {[%clk 0:09:43]} 22. Qxc6 {[%clk 0:08:27]} h6
{[%clk 0:09:08]} 23. b3 {[%clk 0:07:04]} Kh7 {[%clk 0:05:36]} 24. Nd7
{[%clk 0:06:23]} Qd8 {[%clk 0:03:00]} 25. Rd3 {[%clk 0:02:53]} Bxd7
{[%clk 0:01:02]} 26. Rxd7 {[%clk 0:02:55]} Rb6 {[%clk 0:00:41]} 27. Qe4+
{[%clk 0:02:01]} f5 {[%clk 0:00:50]} 28. Qd4 {[%clk 0:02:10]} e5 {[%clk 0:00:59]}
29. Rxg7+ {[%clk 0:02:16]} Kxg7 {[%clk 0:00:39]} 30. Qxd8 {[%clk 0:02:24]} Re6
{[%clk 0:00:36]} 31. Qxc7+ {[%clk 0:02:30]} Kf6 {[%clk 0:00:45]} 32. Qxa5
{[%clk 0:02:37]} e4 {[%clk 0:00:53]} 33. Qd5 {[%clk 0:02:44]} Re5
{[%clk 0:00:54]} 34. Qd4 {[%clk 0:02:45]} Ke6 {[%clk 0:01:02]} 1-0

[Event "Schools-U15-17Open"]
[Site "Tehran2016"]
[Date "2016.07.10"]
[Round "2.8"]
[White "Hakemi, Arman"]
[Black "Torshizi Ghorbani, Mohammad Ho"]
[Result "1-0"]
[BlackElo "1791"]
[WhiteElo "1964"]
[LiveChessVersion "1.4.8"]

1. d4 d5 2. Nf3 c6 3. e3 Bf5 4. c4 e6 5. Nc3 Nf6 6. Nh4 Bg6 7. Nxg6 hxg6 8. Qb3
Qc7 9. Bd2 Nbd7 10. g3 Bd6 11. Bg2 Ng4 12. h3 Ngf6 13. Rc1 dxc4 14. Qxc4 Nb6 15.
Qd3 a6 16. O-O O-O-O 17. a3 g5 18. b4 g4 19. h4 g5 20. hxg5 Nh7 21. Ne4 Be7 22.
b5 axb5 23. Ba5 Nxg5 24. Nxg5 Bxg5 25. a4 b4 26. Bxc6 bxc6 27. Qa6+ Kd7 28. Bxb6
Qd6 29. Qb7+ Ke8 30. Bxd8 Bxd8 31. Qxc6+ Ke7 32. Qxd6+ Kxd6 33. Rc4 Ba5 34. Rc5
Ra8 35. Rfc1 b3 36. Rb5 Bc7 37. Rxb3 Rxa4 38. Rbc3 Ba5 39. Rc6+ Kd5 40. Ra6 Ke4
41. Kg2 Ra3 42. Rc5 Bb4 43. Rxa3 Bxa3 44. Re5+ Kd3 45. Rg5 Bb4 46. Rxg4 Ke2 47.
Rg7 f5 48. g4 Be1 49. gxf5 exf5 1-0

[Event "Schools-U15-17Open"]
[Site "Tehran2016"]
[Date "2016.07.10"]
[Round "2.9"]
[White "Docheshmeh, Amir Mohammad"]
[Black "Daghli, Arash"]
[Result "0-1"]
[BlackElo "2024"]
[WhiteElo "1771"]
[LiveChessVersion "1.4.8"]

1. e4 {[%clk 0:15:17]} c5 {[%clk 0:15:20]} 2. c4 {[%clk 0:15:23]} Nc6
{[%clk 0:15:29]} 3. Ne2 {[%clk 0:15:30]} g6 {[%clk 0:15:37]} 4. d4
{[%clk 0:15:38]} cxd4 {[%clk 0:15:46]} 5. Nxd4 {[%clk 0:15:47]} Bg7
{[%clk 0:15:55]} 6. Be3 {[%clk 0:15:50]} Nf6 {[%clk 0:16:02]} 7. Nc3
{[%clk 0:15:58]} d6 {[%clk 0:16:09]} 8. Be2 {[%clk 0:15:51]} O-O {[%clk 0:16:14]}
9. O-O {[%clk 0:15:57]} Bd7 {[%clk 0:16:20]} 10. f3 {[%clk 0:15:55]} Nxd4
{[%clk 0:16:22]} 11. Bxd4 {[%clk 0:15:59]} Bc6 {[%clk 0:16:31]} 12. Qd2
{[%clk 0:15:01]} Nd7 {[%clk 0:16:39]} 13. Bxg7 {[%clk 0:14:43]} Kxg7
{[%clk 0:16:48]} 14. Qd4+ {[%clk 0:14:26]} Kg8 {[%clk 0:16:50]} 15. Rac1
{[%clk 0:13:43]} a5 {[%clk 0:16:53]} 16. a3 {[%clk 0:13:28]} Nc5 {[%clk 0:17:02]}
17. Bd1 {[%clk 0:12:47]} Qb6 {[%clk 0:16:23]} 18. Nd5 {[%clk 0:12:00]} Bxd5
{[%clk 0:16:14]} 19. cxd5 {[%clk 0:11:52]} Rac8 {[%clk 0:15:43]} 20. b4
{[%clk 0:11:07]} axb4 {[%clk 0:14:11]} 21. axb4 {[%clk 0:11:10]} Na4
{[%clk 0:14:10]} 22. Qxb6 {[%clk 0:11:11]} Nxb6 {[%clk 0:14:18]} 23. Bb3
{[%clk 0:11:08]} Nd7 {[%clk 0:14:27]} 24. Kf2 {[%clk 0:10:42]} Nb8
{[%clk 0:14:01]} 25. b5 {[%clk 0:08:36]} Nd7 {[%clk 0:14:11]} 26. Ke3 Nc5 27. Bc4
{[%clk 0:08:33]} Ra8 {[%clk 0:14:20]} 28. Ra1 {[%clk 0:08:40]} Rfc8
{[%clk 0:14:26]} 29. Rfc1 {[%clk 0:08:07]} Kg7 {[%clk 0:12:18]} 30. Kd4
{[%clk 0:07:17]} g5 {[%clk 0:12:11]} 31. g4 {[%clk 0:06:20]} Kf6 {[%clk 0:12:20]}
32. Rcb1 {[%clk 0:04:32]} Kg6 {[%clk 0:11:16]} 33. Rc1 {[%clk 0:03:59]} h5
{[%clk 0:11:06]} 34. h3 {[%clk 0:04:02]} hxg4 {[%clk 0:11:10]} 35. hxg4
{[%clk 0:04:07]} Rh8 {[%clk 0:11:18]} 36. Rh1 {[%clk 0:03:46]} Rxa1
{[%clk 0:07:36]} 37. Rxa1 {[%clk 0:03:11]} Rh3 {[%clk 0:07:25]} 38. Ke3
{[%clk 0:02:57]} Kf6 {[%clk 0:07:27]} 39. Ra2 {[%clk 0:02:35]} Ke5
{[%clk 0:07:28]} 40. Be2 {[%clk 0:02:26]} Nxe4 {[%clk 0:06:16]} 41. Bf1
{[%clk 0:01:19]} Rh1 {[%clk 0:04:07]} 42. Be2 {[%clk 0:00:28]} Nc5
{[%clk 0:04:11]} 43. Bc4 {[%clk 0:00:29]} Rc1 {[%clk 0:04:11]} 44. Be2
{[%clk 0:00:16]} Kxd5 {[%clk 0:04:01]} 45. Ra8 {[%clk 0:00:24]} Ke5
{[%clk 0:03:52]} 46. Re8 {[%clk 0:00:32]} e6 {[%clk 0:04:01]} 47. Rf8
{[%clk 0:00:38]} f6 {[%clk 0:04:10]} 48. Re8 {[%clk 0:00:38]} Rc2
{[%clk 0:04:18]} 49. Bd1 {[%clk 0:00:35]} Rb2 {[%clk 0:04:27]} 50. b6
{[%clk 0:00:29]} d5 {[%clk 0:04:36]} 51. Rc8 {[%clk 0:00:24]} d4#
{[%clk 0:04:44]} 0-1

[Event "Schools-U15-17Open"]
[Site "Tehran2016"]
[Date "2016.07.10"]
[Round "2.10"]
[White "Saberi, Mahan"]
[Black "Baneshi, Mahan"]
[Result "1-0"]
[BlackElo "1783"]
[WhiteElo "1971"]
[LiveChessVersion "1.4.8"]

1. e4 {[%clk 0:15:18]} c5 {[%clk 0:15:20]} 2. Nf3 {[%clk 0:15:26]} d6
{[%clk 0:15:29]} 3. d4 {[%clk 0:15:34]} cxd4 {[%clk 0:15:38]} 4. Nxd4
{[%clk 0:15:43]} Nf6 {[%clk 0:15:47]} 5. Nc3 {[%clk 0:15:53]} g6 {[%clk 0:15:56]}
6. Be3 {[%clk 0:15:53]} Bg7 {[%clk 0:16:05]} 7. f3 {[%clk 0:16:02]} O-O
{[%clk 0:16:14]} 8. Qd2 {[%clk 0:16:09]} Nc6 {[%clk 0:16:22]} 9. O-O-O
{[%clk 0:15:59]} d5 {[%clk 0:16:31]} 10. Kb1 {[%clk 0:16:07]} Nxd4
{[%clk 0:16:36]} 11. e5 {[%clk 0:16:16]} Nf5 {[%clk 0:16:41]} 12. exf6
{[%clk 0:16:24]} exf6 {[%clk 0:16:49]} 13. Nxd5 {[%clk 0:15:54]} Be6
{[%clk 0:14:17]} 14. Bc5 {[%clk 0:14:12]} Re8 {[%clk 0:08:52]} 15. Bb5
{[%clk 0:13:57]} Qc8 {[%clk 0:08:27]} 16. Bxe8 {[%clk 0:12:18]} Qxc5
{[%clk 0:08:36]} 17. Ba4 {[%clk 0:12:22]} b5 {[%clk 0:07:57]} 18. Bb3
{[%clk 0:12:28]} a5 {[%clk 0:06:21]} 19. Qc3 {[%clk 0:11:20]} Rc8
{[%clk 0:00:38]} 20. Qxc5 {[%clk 0:08:49]} Rxc5 {[%clk 0:00:46]} 21. Nb6
{[%clk 0:08:44]} Bxb3 {[%clk 0:00:33]} 22. axb3 {[%clk 0:08:48]} h5
{[%clk 0:00:30]} 23. Rhe1 {[%clk 0:08:40]} Rc6 {[%clk 0:00:37]} 24. Nd7
{[%clk 0:08:11]} Re6 {[%clk 0:00:27]} 25. Nc5 {[%clk 0:07:13]} Rc6
{[%clk 0:00:34]} 26. Rd5 {[%clk 0:07:15]} Bf8 {[%clk 0:00:37]} 27. Nd7
{[%clk 0:07:06]} Kg7 {[%clk 0:00:25]} 28. Nxf8 {[%clk 0:07:04]} Kxf8
{[%clk 0:00:34]} 29. Rxb5 {[%clk 0:07:13]} Nd4 {[%clk 0:00:41]} 30. Rb8+
{[%clk 0:07:22]} Kg7 {[%clk 0:00:50]} 31. c3 {[%clk 0:07:31]} Ne6
{[%clk 0:00:56]} 32. Rb5 {[%clk 0:07:37]} Ra6 {[%clk 0:01:02]} 33. Rd1
{[%clk 0:07:45]} g5 {[%clk 0:01:08]} 34. Rdd5 {[%clk 0:07:49]} Nc7
{[%clk 0:01:14]} 35. Rxa5 {[%clk 0:07:57]} Rb6 {[%clk 0:01:21]} 36. Rd7
{[%clk 0:08:04]} Ne6 {[%clk 0:01:28]} 37. b4 {[%clk 0:08:12]} Nf4
{[%clk 0:01:35]} 38. g3 {[%clk 0:08:17]} Ng6 {[%clk 0:01:42]} 39. Raa7
{[%clk 0:08:16]} Ne5 {[%clk 0:01:50]} 40. Rdb7 {[%clk 0:08:16]} Rd6
{[%clk 0:01:26]} 41. f4 {[%clk 0:08:24]} gxf4 {[%clk 0:01:18]} 42. gxf4
{[%clk 0:08:33]} Nd3 {[%clk 0:01:28]} 43. Rd7 {[%clk 0:08:23]} Rxd7
{[%clk 0:01:33]} 44. Rxd7 {[%clk 0:08:31]} Nxf4 {[%clk 0:01:42]} 45. b5
{[%clk 0:08:39]} Ne6 {[%clk 0:01:50]} 46. b6 {[%clk 0:08:47]} Nc5
{[%clk 0:01:59]} 47. Rc7 {[%clk 0:08:54]} 1-0